000 00669nam a22002177a 4500
999 _c15711
_d15711
003 AR-CdUCM
008 190429b ||||| |||| 00| 0 spa d
020 _a978-607-404-830-8
040 _aMUNICIPALIDAD PROVINCIAL DEL CUSCO
_cBIBLIOTECA MUNICIPAL DEL CUSCO
082 _aPI / 376.1 /
_bAP64
110 _aSilver dolphin
_933679
245 _aAprende a usar los botones /
260 _aMexico :
_bSilver dolphin,
_c2013.
300 _bIlustraciones, graficos, dibujos,
_c15 cm.
500 _aCuentos e historia para niƱos
650 _aCuentos
_9217
650 _aHistoria
_9136
650 _aLiteratura
_983
942 _2ddc
_cLIBROS
945 _apjha
_d2019-04-29